|
|
|
|
| LEADER |
00000nab a2200000 a 4500 |
| 001 |
vtls000555810 |
| 003 |
SK-MaSNL |
| 005 |
20260304090003.0 |
| 008 |
250425c1995 xo 0 slo |
| 015 |
|
|
|a SNBRB19rr/mm-uuuuu
|
| 035 |
|
|
|a CL0555948
|
| 035 |
|
|
|a urn:nbn:sk:snk-ab7h4p
|
| 035 |
|
|
|a (urnnbn)urn:nbn:sk:snk:ar-005s8k
|
| 035 |
|
|
|a (uuid)56222f10-ac59-4214-87c5-d0e154b212f2
|
| 040 |
|
|
|a SNKBUCL
|b slo
|c SNKBUCL
|e AACR2
|
| 041 |
0 |
|
|a slo
|
| 044 |
|
|
|a xo
|c SK
|
| 080 |
|
|
|a 930.25(05)(497.2)
|2 1981
|
| 080 |
|
|
|a 05(497.2):930.25
|2 1981
|
| 100 |
1 |
|
|a Churý, Slavko,
|d 1935-2006
|4 aut
|9 197607
|
| 245 |
1 |
0 |
|a Istoričeski pregled
|c Slavko Churý
|
| 650 |
0 |
7 |
|a Istoričeski pregled (časopis)
|2 snkbucl
|9 1380298
|
| 655 |
|
7 |
|a články z novín a časopisov
|2 snkbucl
|9 267496
|
| 773 |
0 |
|
|t Slovenská archivistika
|g Roč. 30, č. 1 (1995), s. 152-153
|x 0231-6722
|
| 850 |
|
|
|a Slovenská národná knižnica
|
| 852 |
|
|
|a Slovenská národná knižnica
|
| 954 |
|
|
|a odborná, vedecká literatúra pôvodná (slovenská)
|2 lita
|
| 958 |
|
|
|a article7
|
| 958 |
|
|
|a RK
|
| 958 |
|
|
|a BG
|
| 958 |
|
|
|a OND
|
| 958 |
|
|
|a EUIPO
|
| 992 |
|
|
|a RBX
|
| 999 |
|
|
|c 2809939
|d 2811869
|